| 000 | 00997nam a22003257a 4500 | ||
|---|---|---|---|
| 003 | CHAP | ||
| 005 | 20220817043924.0 | ||
| 008 | 040114d2002 itaa r 00110 fre d | ||
| 010 | _a87961 | ||
| 011 | _a88933 | ||
| 020 | _a925204471X | ||
| 035 | _a99482 | ||
| 040 | _cCHAP | ||
| 082 | 0 | 4 |
_a636.08947 _bF32f v.9 |
| 110 | 0 | _aFAO | |
| 245 | 1 | 0 |
_aReconnaĆtre la peste porcine africaine : _bun manuel de terrain _c/by FAO |
| 260 |
_aRome : _bFAO, _c2002. |
||
| 300 |
_a38 p. : _bilus. |
||
| 490 | 0 |
_aFAO. Manual de sanidad animal _v; 9 |
|
| 590 |
_aBATCH-UPD _b10 _c20130110 _lUCH01 _h0504 |
||
| 590 |
_aCONVERSION _b10 _c20130109 _lUCH01 _h1349 |
||
| 650 | 1 | 4 |
_aGanado porcino _xEnfermedades. _945360 |
| 650 | 1 | 4 |
_aGanado porcino _zAfrica. _945417 |
| 650 | 1 | 4 |
_aSanidad animal. _9102221 |
| 830 | 0 |
_aFAO. Manual de sanidad animal _v; 9 _939617 |
|
| 901 | _aBK | ||
| 905 | _aMayto Villalobos S. | ||
| 942 | _cLIBRO | ||
| 949 |
_a636.08947 F32f v.9 _bBC _cFAO _d33724000913687 _eFAO1 _h104218 _i99482 _sb |
||
| 999 |
_c87961 _d87961 |
||